| 000 | 01118nam a2200205Ia 4500 | ||
|---|---|---|---|
| 003 | Ost | ||
| 005 | 20260507075026.0 | ||
| 008 | 260507s9999||||xx |||||||||||||| ||und|| | ||
| 040 | _cfsecg | ||
| 041 | _aara | ||
| 082 | _a330 | ||
| 100 |
_aحسن، عبد الهادي _eمؤلف |
||
| 245 | 0 |
_aحماية البيئة : _bالتلوث بالمبيدات الكيمياوية وأفضل الحلول / _c عبد الهادي حسن |
|
| 260 |
_aدمشق: _bدار علاء الدين للنشر والتوزيع, _c2001 |
||
| 300 |
_a157 صفحة؛ _bإيضاحات ؛ _c24 سم |
||
| 520 | _aتصنيف المبيدات- الأثر المتبقى للمواد الكيمياوية- أثر التلوث الكيمياوي على التربة والأحياء- تلوث المزروعات بالأسمدة الأزوتية- تكون ظاهرة المقاومة والمناعة- الإستهلاك العالمي- التسمم بالمبيدات وطرق الزراعة العضوية- المبيدات الممنوعة | ||
| 653 | _aتلوث البيئة | ||
| 653 | _aحماية البيئة | ||
| 942 | _cكتاب | ||
| 999 |
_c42340 _d42340 |
||